Squadra della stagione della UEFA Europa League - 2023-2024 - Statistics

Statistiche generali
  • Questo quiz è stato fatto 12 volte
  • Il punteggio medio è 9 su 11
Statistiche sulle risposte
Ruolo Nazione Squadra Calciatore % Corretto
Attaccante Nigeria Atalanta Ademola Lookman
100%
Attaccante Germania Bayer Leverkusen Florian Wirtz
91%
Difensore Italia Roma Gianluca Mancini
91%
Portiere Serbia Roma Mile Svilar
91%
Difensore Albania Atalanta Berat Djimsiti
82%
Centrocampista Svizzera Bayer Leverkusen Granit Xhaka
82%
Attaccante Gabon Olympique Marsiglia Pierre-Emerick Aubameyang
82%
Centrocampista Paesi Bassi Atalanta Teun Koopmeiners
82%
Difensore Germania Bayer Leverkusen Jonathan Tah
73%
Centrocampista Paesi Bassi Bayer Leverkusen Jeremie Frimpong
55%
Centrocampista Italia Atalanta Matteo Ruggeri
55%
Nessun quiz corrispondente trovato
Distribuzione punteggi
Percentuale di utenti per punteggio
Percentile per numero di risposta
I tuoi punteggi nel tempo
Non hai fatto questo quiz